مكتبة جامعة عجلون الوطنية

فهرس بحث المكتبة

Normal view MARC view
  • العلاقات الإنسانية-التعلم-التربية-المعلمين

Entry Topical Term

Number of records used in: 1

001 - CONTROL NUMBER

  • control field: 34638

003 - CONTROL NUMBER IDENTIFIER

  • control field: JO-AjAnu

005 - DATE AND TIME OF LATEST TRANSACTION

  • control field: 20230606075812.0

008 - FIXED-LENGTH DATA ELEMENTS

  • fixed length control field: 230606|| aca||aabn | a|a d

040 ## - CATALOGING SOURCE

  • Original cataloging agency: JO-AjAnu
  • Transcribing agency: JO-AjAnu

150 ## - HEADING--TOPICAL TERM

  • Topical term or geographic name entry element: العلاقات الإنسانية-التعلم-التربية-المعلمين

670 ## - SOURCE DATA FOUND

  • Source citation: Work cat.: (JO-AjAnu)17790: الشرفات،عبدالله علي جريد إعداد/الحياري،حسن إشراف, author 34637, أهمية ممارسة العلاقات الإنسانية مع المعلمين عند مديري مدارس لواء البادية الشمالية